Cyberpunk 2077 Character Quiz - Statistics

General Stats
  • This quiz has been taken 886 times
  • The average score is 21 of 31
Answer Stats
Hint Answer % Correct
Main protagonist of Cyberpunk 2077 V
100%
Long haired rocker living in main protagonist's head, portrayed by Keanu Reeves Johnny Silverhand
98%
Main protagonist's best friend Jackie Welles
95%
Former Member of the Aldecaldo nomads Panam Palmer
90%
Night city legend who is almost fully made of Cyberware and is personal bodyguard of a member the Arasaka family Adam Smasher
88%
Braindance expert who works with the Mox Judy Alvarez
88%
Fixer who sets up the heist Dexter DeShawn
82%
Netrunner who helps with the heist T-Bug
81%
Legendary Fixer based in the Afterlife nightclub Rogue Amendiares
78%
Personal bodyguard of the Arasaka patriarch and assists protagonist after the heist goes wrong Goro Takemura
77%
Daughter of Arasaka Patriarch Hanako Arasaka
75%
Client who the heist is set up for Evelyn Parker
72%
Former band member of samurai turned solo artist. Kerry Eurodyne
70%
Son of the Arasaka Patriarch Yorinobu Arasaka
68%
Extremely powerful netrunner who has survived beyond the Blackwall Alt Cunningham
66%
Former Night City PD detective searching for his nephew River Ward
66%
Patriarch of the Arasaka family Saburo Arasaka
66%
Leader of the Aldecaldo nomads Saul Bright
64%
Ripperdoc who has known the main protagonist for years Viktor Vektor
64%
Fixer in Pacifica, got an overhaul in Phantom Liberty Mr Hands
61%
FIA sleeper agent in Dogtown, portrayed by Idris Elba Solomon Reed
61%
the Former's protegee in the FIA, Codenamed Songbird Song So Mi
59%
Fixer in Westbrook, She set up the job to rescue Sandra Dorsett Wakako Okada
55%
Fixer in Heywood, appears in the street kid prologue Sebastian Ibarra
54%
President of the NUSA who is rescued in Dogtown President Rosalind Myers
53%
Bartender who takes part in Streetraces Claire Russell
49%
Fixer in Watson and takes in keen interest in Cyberpsychosis Regina Jones
49%
Leader of Barghest and runs Dogtown Kurt Hansen
46%
Fixer in Santo Domingo, known as El Capitan Muamar Reyes
39%
Fixer in Corpo Plaza, he is a rocker boy like his idols in samurai Dino Dinovic
38%
Fixer in the Badlands. Member of the Aldecaldos and is known as the mad coyote Dakota Smith
34%
No matching quizzes found
Score Distribution
Percent of People with Each Score
Percentile by Number Answered
Your Score History
You have not taken this quiz